00281 a2200109 4500001000700000020000600007040001100013100003700024240005300061245004800114362000900162169688 a  cMagnum aMinisterio da Educacao e Cultura10aCadernos da tv escola: indios no brasil - 1lpor10aCadernos da tv escola: indios no brasil - 10 a1899